Probability, random variables, and stochastic processes / (Record no. 7785)

MARC details
000 -LEADER
fixed length control field 01375cam a2200349 a 4500
001 - CONTROL NUMBER
control field 12462042
003 - CONTROL NUMBER IDENTIFIER
control field OSt
005 - DATE AND TIME OF LATEST TRANSACTION
control field 20220303162018.0
008 - FIXED-LENGTH DATA ELEMENTS--GENERAL INFORMATION
fixed length control field 010706s2002 maua b 001 0 eng
010 ## - LIBRARY OF CONGRESS CONTROL NUMBER
LC control number 2001044139
020 ## - INTERNATIONAL STANDARD BOOK NUMBER
International Standard Book Number 0073660116
020 ## - INTERNATIONAL STANDARD BOOK NUMBER
International Standard Book Number 0071122567
040 ## - CATALOGING SOURCE
Original cataloging agency DLC
Transcribing agency DDC
Modifying agency DLC
050 00 - LIBRARY OF CONGRESS CALL NUMBER
Classification number QA273
Item number .P2 2002
082 00 - DEWEY DECIMAL CLASSIFICATION NUMBER
Classification number 519.2PAP 2002
100 1# - MAIN ENTRY--PERSONAL NAME
Personal name Papoulis, Athanasios,
Dates associated with a name 1921-
9 (RLIN) 15856
245 10 - TITLE STATEMENT
Title Probability, random variables, and stochastic processes /
Statement of responsibility, etc. Athanasios Papoulis, S. Unnikrishna Pillai.
250 ## - EDITION STATEMENT
Edition statement 4th ed.
260 ## - PUBLICATION, DISTRIBUTION, ETC. (IMPRINT)
Place of publication, distribution, etc. Boston :
Name of publisher, distributor, etc. McGraw-Hill,
Date of publication, distribution, etc. c2002.
300 ## - PHYSICAL DESCRIPTION
Extent x, 852 p. :
Other physical details ill. ;
Dimensions 25 cm.
504 ## - BIBLIOGRAPHY, ETC. NOTE
Bibliography, etc Includes bibliographical references and index.
650 #0 - SUBJECT ADDED ENTRY--TOPICAL TERM
Topical term or geographic name as entry element Probabilities.
9 (RLIN) 2821
650 #0 - SUBJECT ADDED ENTRY--TOPICAL TERM
Topical term or geographic name as entry element Random variables.
9 (RLIN) 15857
650 #0 - SUBJECT ADDED ENTRY--TOPICAL TERM
Topical term or geographic name as entry element Stochastic processes.
9 (RLIN) 15858
700 1# - ADDED ENTRY--PERSONAL NAME
Personal name Pillai, S. Unnikrishna,
Dates associated with a name 1955-
9 (RLIN) 15859
856 41 - ELECTRONIC LOCATION AND ACCESS
Materials specified Table of contents only
Uniform Resource Identifier <a href="http://www.loc.gov/catdir/enhancements/fy1011/2001044139-t.html">http://www.loc.gov/catdir/enhancements/fy1011/2001044139-t.html</a>
856 42 - ELECTRONIC LOCATION AND ACCESS
Materials specified Publisher description
Uniform Resource Identifier <a href="http://www.loc.gov/catdir/enhancements/fy1011/2001044139-d.html">http://www.loc.gov/catdir/enhancements/fy1011/2001044139-d.html</a>
856 42 - ELECTRONIC LOCATION AND ACCESS
Materials specified Contributor biographical information
Uniform Resource Identifier <a href="http://www.loc.gov/catdir/enhancements/fy1106/2001044139-b.html">http://www.loc.gov/catdir/enhancements/fy1106/2001044139-b.html</a>
906 ## - LOCAL DATA ELEMENT F, LDF (RLIN)
a 7
b cbc
c orignew
d 1
e ocip
f 20
g y-gencatlg
942 ## - ADDED ENTRY ELEMENTS (KOHA)
Source of classification or shelving scheme Dewey Decimal Classification
Koha item type Open Shelf
Holdings
Withdrawn status Lost status Source of classification or shelving scheme Damaged status Not for loan Home library Current library Date acquired Source of acquisition Inventory number Total Checkouts Full call number Barcode Date last seen Price effective from Koha item type
    Dewey Decimal Classification     MUST Main Library MUST Main Library 03/03/2022 purchase 05/24996   519.2PAP 2002 2022-0394 03/03/2022 03/03/2022 Open Shelf
    Dewey Decimal Classification     MUST Main Library MUST Main Library 12/06/2024 Purchase 05/24997   519.2PAP 2002 2024-20379 12/06/2024 12/06/2024 Open Shelf